Joueurs Record - Ligue des Champions - Statistiques

Statistiques générales
  • Ce quiz a été pris 2 228 fois
    171 depuis la dernière actualisation
  • Le résultat moyen est 24 sur 50
Statistiques - réponses
Matchs Nationalité Joueur % Correct
183 Portugal Cristiano Ronaldo
100%
163 Argentine Lionel Messi
99%
163 Allemagne Thomas Müller
89%
130 Espagne Andrés Iniesta
86%
142 Croatie Luka Modric
86%
152 France Karim Benzema
85%
152 Allemagne Manuel Neuer
84%
151 Espagne Xavi
84%
177 Espagne Iker Casillas
78%
135 Pologne Robert Lewandowski
76%
142 Espagne Sergio Ramos
73%
129 Espagne Sergio Busquets
70%
124 Suède Zlatan Ibrahimovic
69%
151 Allemagne Toni Kroos
67%
103 Allemagne Oliver Kahn
63%
124 Italie Gianluigi Buffon
62%
145 Pays de Galles Ryan Giggs
61%
112 France Thierry Henry
61%
112 Allemagne Philipp Lahm
59%
128 Espagne Gerard Piqué
56%
142 Espagne Raúl
56%
123 Autriche David Alaba
53%
135 Italie Paolo Maldini
50%
107 France Antoine Griezmann
49%
102 Brésil Marcelo
48%
110 Pays-Bas Arjen Robben
47%
115 Espagne Carles Puyol
46%
120 Portugal Pepe
44%
116 Argentine Ángel Di Maria
43%
111 Brésil Dani Alves
40%
105 Angleterre Frank Lampard
38%
105 Brésil Thiago Silva
38%
108 Brésil Marquinhos
35%
106 Espagne Victor Valdés
33%
108 Italie Andrea Pirlo
32%
111 Tchéquie Petr Cech
32%
124 Angleterre Paul Scholes
31%
107 Angleterre David Beckham
30%
103 Portugal Luis Figo
29%
119 Espagne Xabi Alonso
25%
120 Brésil Roberto Carlos
23%
109 Angleterre John Terry
20%
125 Pays-Bas Clarence Seedorf
17%
104 Espagne Cesc Fabregas
13%
108 Angleterre Ashley Cole
11%
108 France Patrice Evra
11%
104 Espagne Koke
9%
110 Angleterre Gary Neville
8%
109 Allemagne Ilkay Gündogan
7%
103 Brésil Fernandinho
4%
Aucun quiz correspondant
Distribution des résultats
% des personnes avec chaque résultat
Percentile par nombre de réponses
Votre historique - résultats
Vous n’avez pas pris ce quiz depuis la dernière actualisation